000 00392nam a22001577a 4500
005 20180202121843.0
008 160427b xxu||||| |||| 00| 0 eng d
020 _a81-203-1727-0
041 _aeng
082 _b00338
_a004.21
100 _aRajaraman, V.
_996
245 _aAnalysis and Design of Information Systems
260 _aNew Delhi
_bPHI Pvt Ltd.
_c2004
300 _a292
942 _cBK
999 _c109
_d109